|
|
|
|
| LEADER |
00000nam0a2200000 4500 |
| 001 |
27284 |
| 005 |
20231030202119.0 |
| 010 |
|
|
|a 5030018328
|
| 035 |
|
|
|a (RuTPU)RU\TPU\book\27533
|
| 035 |
|
|
|a BOOK00027608
|
| 090 |
|
|
|a 27284
|
| 100 |
|
|
|a 20011209d1994 k y0rusy50 ca
|
| 101 |
1 |
|
|a rus
|c eng
|
| 102 |
|
|
|a RU
|
| 105 |
|
|
|a a z 000zy
|
| 200 |
0 |
|
|a Т. 2
|
| 210 |
|
|
|d 1994
|
| 215 |
|
|
|a 236 с.
|c ил.
|
| 320 |
|
|
|a Библиогр. в конце глав.
|
| 461 |
|
|
|t Биология развития
|o в 3-х т.
|v Т. 2
|o пер. с англ.
|f С. Ф. Гилберт
|d 1993-1995
|
| 610 |
1 |
|
|a биология
|
| 610 |
1 |
|
|a развитие
|
| 610 |
1 |
|
|a клеточная дифференцировка
|
| 610 |
1 |
|
|a детерминация
|
| 610 |
1 |
|
|a гены
|
| 610 |
1 |
|
|a геномы
|
| 610 |
1 |
|
|a эмбриологические исследования
|
| 610 |
1 |
|
|a молекулярные исследования
|
| 610 |
1 |
|
|a ДНК
|
| 610 |
1 |
|
|a РНК
|
| 675 |
|
|
|a 576.3
|v 3
|
| 801 |
|
0 |
|a RU
|b 63413507
|c 20011209
|g PSBO
|
| 801 |
|
2 |
|a RU
|b 63413507
|c 20120719
|g RCR
|
| 942 |
|
|
|c BK
|